Szczegóły MARC21

Virtual culture : identity and communication in cybersociety /

003 -Nazwa inst., której nr kontr. jest w polu 001 [,]
    • @
    • Nazwa instytucji, której n kontrolny jest w polu 001
    • NUKAT
005 -DATA I CZAS OSTATNIEJ MODYFIKACJI [,]
    • @
    • pole kontrolne
    • 20241231091905.0
020 -Międzynarod. znormalizowany nr książki - ISBN [ , ]
    • a
    • Numer ISBN
    • 0761955259 Find
020 -Międzynarod. znormalizowany nr książki - ISBN [ , ]
    • a
    • Numer ISBN
    • 0761955267 Find
040 -Instytucja sporządzająca opis [ , ]
    • a
    • Instytucja, która sporządziła opis (NP)
    • LUBL KUL/me
    • c
    • Instytucja, która sporządziła rekord (NP)
    • LUBL KUL/me
    • d
    • Instytucja, która zmodyfikowała rekord (P)
    • LUBL KUL/MC
    • d
    • Instytucja, która zmodyfikowała rekord (P)
    • LUBL KUL/SKs
942 -Rodzaj dokumentu [ , ]
    • c
    • Rodzaj dokumentu
    • Książka
245 -Strefa tytułu i oznaczenia odpowiedzialności [0,0]
    • a
    • Tytuł
    • Virtual culture : Find
    • b
    • Ciąg dalszy tytułu (NP)
    • identity and communication in cybersociety / Find
    • c
    • Pozostałe elementy strefy tytułu i oznaczenia odpowiedzialności (NP)
    • ed. by Steven G. Jones.
260 -Strefa adresu wydawniczego [ , ]
    • a
    • Miejsce wydania (P)
    • London :
    • b
    • Nazwa wydawcy (P)
    • Sage Publ.,
    • c
    • Data wydania (P)
    • cop. 2002.
300 -Strefa opisu fizycznego [ , ]
    • a
    • Określenie formy książki i/lub objętość (NP)
    • X, 262 s. ;
    • c
    • Format (NP)
    • 23 cm.
336 -Typ zawartości [ , ]
    • a
    • Termin opisujący typ zawartości
    • Tekst
    • b
    • Kod określający zawartość
    • txt
    • 2
    • Źródło (terminu i kodu)
    • rdacontent
337 -Typ mediów [ , ]
    • a
    • Tryb odtwarzania
    • Bez urządzenia pośredniczącego
    • b
    • Kod typu mediów
    • n
    • 2
    • Źródło (terminu i kodu)
    • rdamedia
338 -Typ/rodzaj nośnika [ , ]
    • a
    • Hasło opisujące typ nośnika
    • Wolumin
    • b
    • Kod typu nośnika
    • nc
    • 2
    • Źródło (terminu i kodu)
    • rdacarrier
504 -Uwaga dot. bibliogr. załącznikowej [ , ]
    • a
    • Uwaga dot. bibliografii załącznikowej
    • Bibliogr przy rozdz.
080 -Uniwersalna Klasyfikacja Dziesiętna [ , ]
    • a
    • Symbol klasyfikacji
    • 004.738.5=20
080 -Uniwersalna Klasyfikacja Dziesiętna [ , ]
    • a
    • Symbol klasyfikacji
    • :659.3=20
080 -Uniwersalna Klasyfikacja Dziesiętna [ , ]
    • a
    • Symbol klasyfikacji
    • :316.77=20
650 -Hasło przedmiotowe [ ,7]
    • a
    • Hasło przedmiotowe
    • Cyberprzestrzeń
    • x
    • Określnik rzeczowy
    • aspekt społeczny.
    • 2
    • Źródło terminu
    • kaba
    • 9
    • KHW
    • 374635
650 -Hasło przedmiotowe [ ,7]
    • a
    • Hasło przedmiotowe
    • Internet
    • x
    • Określnik rzeczowy
    • aspekt społeczny.
    • 2
    • Źródło terminu
    • kaba
    • 9
    • KHW
    • 112242
650 -Hasło przedmiotowe [ ,7]
    • a
    • Hasło przedmiotowe
    • Komputery i cywilizacja.
    • 2
    • Źródło terminu
    • kaba
    • 9
    • KHW
    • 114852
650 -Hasło przedmiotowe [ ,7]
    • a
    • Hasło przedmiotowe
    • Rzeczywistość wirtualna
    • x
    • Określnik rzeczowy
    • aspekt społeczny.
    • 2
    • Źródło terminu
    • kaba
    • 9
    • KHW
    • 374634
650 -Hasło przedmiotowe [ ,7]
    • a
    • Hasło przedmiotowe
    • Telematyka.
    • 2
    • Źródło terminu
    • kaba
    • 9
    • KHW
    • 133161
980 -Symbol UKD [ , ]
    • a
    • UKD
    • 004.738.5:659.3:316.77]=20
700 -Hasło dodatkowe - nazwa osobowa [1, ]
    • a
    • Nazwa osobowa (NP)
    • Jones, Steve Find
    • d
    • Daty biograficzne (NP)
    • (1961- ).
    • e
    • Określenie rodzaju współpracy
    • Red.
    • 9
    • KHW
    • 649768
920 -ISBN [ , ]
    • a
    • ISBN
    • 0-7619-5525-9 Find
920 -ISBN [ , ]
    • a
    • ISBN
    • 0-7619-5526-7 Find
Status udost. Sygnatura Data inwentaryzacji Lokalizacja Numer inwentarzowy
1ANG. Media cyfrowe 062003-01-22BMA.6812